00567nam a2200205Ia 450000500170000000800460001703700110006304000080007404000080008204000080009004100080009804100080010608400080011410000630012224500760018526000090026130000100027065000120028070000690029220260430150030.0008 250103s9999 xx 000 0 eng d aTheses aCRL beng ceng 2eng aeng qCRL aChhabra Heeral Au.; Farooqui Amae Gu.; Kaul Shonaleeka Gu. 0aAnimals Welfare State regulations and question of Cruelty c. 1900-1940s c2022 a345p. aHistory aUniversity of Delhi. Faculty of Social Science. Deptt of History